| 000 | 00748nam a2200253Ia 4500 | ||
|---|---|---|---|
| 005 | 20250425162724.0 | ||
| 008 | 250425s9999 xx 000 0 und d | ||
| 020 | _a9780071667968 | ||
| 041 | _aeng | ||
| 082 |
_a621.1 _pWOO |
||
| 100 | _aWoodruff, Everett B. | ||
| 245 | 0 |
_aSteam Plant Operation _cEverett B. Woodruff, Herbert B. Lammers, Thomas F. Lammers |
|
| 250 | _aNovena ed. | ||
| 260 |
_aEstados Unidos _bMcGraw-Hill _c2012 |
||
| 300 |
_a713 p. _bIlustrado _c24 cm |
||
| 500 | _aIncluye tabla de contenido, glosario, indice | ||
| 650 | _aBombas de vapor | ||
| 650 | _aCalderas de vapor | ||
| 650 | _aCentrales de vapor | ||
| 650 | _aIngenierÃa de vapor | ||
| 902 |
_aMonográfico _cImpreso |
||
| 942 | _c01 | ||
| 010 | _a102768 | ||
| 999 |
_c235090 _d235090 |
||